000 01452nam a2200349Ia 4500
001 ebr10158367
003 CaPaEBR
006 m u
007 cr cn|||||||||
008 060720s2005 cau sb 001 0 eng d
010 _z 2006023686
020 _z0123705924 (alk. paper)
040 _aCaPaEBR
_cCaPaEBR
035 _a(OCoLC)648129207
050 1 4 _aHD30.2
_b.G884 2005eb
082 0 4 _a658.4/038
_222
100 1 _aGuttman, Michael.
245 1 0 _aReal-life MDA
_h[electronic resource] :
_bsolving business problems with model driven architecture /
_cMichael Guttman and John Parodi.
260 _aSan Francisco, CA :
_bMorgan Kaufmann Publishers,
_cc2005.
300 _axxii, 200 p.
504 _aIncludes bibliographical references and index.
533 _aElectronic reproduction.
_bPalo Alto, Calif. :
_cebrary,
_d2009.
_nAvailable via World Wide Web.
_nAccess may be limited to ebrary affiliated libraries.
650 0 _aInformation technology
_xManagement
_vCase studies.
650 0 _aComputer software
_xDevelopment
_vCase studies.
650 0 _aSoftware architecture
_vCase studies.
650 0 _aSystem design
_vCase studies.
650 0 _aManagement information systems
_vCase studies.
655 7 _aElectronic books.
_2local
700 1 _aParodi, John.
710 2 _aebrary, Inc.
856 4 0 _uhttp://site.ebrary.com/lib/rucke/Doc?id=10158367
_zAn electronic book accessible through the World Wide Web; click to view
999 _c245378
_d245378